| 000 | 00488nam a22001697a 4500 | ||
|---|---|---|---|
| 005 | 20251108164352.0 | ||
| 008 | 250721s1992 xx 000 0 ara d | ||
| 082 | 1 | 4 | _a179.9/تسا |
| 100 | 1 | _aالخليل، سمير | |
| 245 | 1 | 0 | _aالتسامح بين الشرق و الغرب / |
| 264 | 1 |
_aبيروت : _bدار الساقي، _c1992. |
|
| 300 | _a127ص | ||
| 650 | 1 | 7 | _aالتسامح |
| 700 | 1 |
_aالعريس، إبراهيم _eترجمة |
|
| 942 |
_2ddc _cBK |
||
| 999 |
_c10474 _d10474 |
||